Human engineering guide to equipment design (Record no. 11051)

000 -LEADER
fixed length control field 00561nam a2200205 4500
001 - CONTROL NUMBER
control field 11051
003 - CONTROL NUMBER IDENTIFIER
control field BD-DhUET
008 - FIXED-LENGTH DATA ELEMENTS--GENERAL INFORMATION
fixed length control field 730329s1972 dcua b 001 0 eng
020 ## - INTERNATIONAL STANDARD BOOK NUMBER
International Standard Book Number 0471800112
040 ## - CATALOGING SOURCE
Original cataloging agency DLC
Transcribing agency DLC
Modifying agency BD-DhUET
082 00 - DEWEY DECIMAL CLASSIFICATION NUMBER
Classification number 620.8
Item number JOI/1972
110 ## - MAIN ENTRY--CORPORATE NAME
Corporate name or jurisdiction name as entry element Joint Army Force Steering Committee
245 10 - TITLE STATEMENT
Title Human engineering guide to equipment design
250 ## - EDITION STATEMENT
Edition statement 1st Rev. ed.
260 ## - PUBLICATION, DISTRIBUTION, ETC. (IMPRINT)
Place of publication, distribution, etc. New York
Name of publisher, distributor, etc. John Wiley
Date of publication, distribution, etc. 1972
300 ## - PHYSICAL DESCRIPTION
Extent x, 752 p.
Other physical details illus.
Dimensions 27 cm.
504 ## - BIBLIOGRAPHY, ETC. NOTE
Bibliography, etc Includes bibliographies
650 #0 - SUBJECT ADDED ENTRY--TOPICAL TERM
Topical term or geographic name as entry element Human engineering
942 ## - ADDED ENTRY ELEMENTS (KOHA)
Koha item type Corporate Publication
Holdings
Damaged status Withdrawn status Koha date last seen Copy number Lost status Koha item type Sublocation or collection (holding branch) Location (home branch) Piece designation (barcode) Koha normalized classification for sorting Date acquired Price effective from Koha full call number Shelving location Not for loan Source of classification or shelving scheme
  2015-02-121 Corporate PublicationCentral Library, BUETCentral Library, BUET66295620_800000000000000_JOI_19722015-02-122015-02-12620.8/JOI/1972Circulation section  
  2015-08-142 Corporate PublicationCentral Library, BUETCentral Library, BUET66253620_800000000000000_JOI_19722015-08-142015-08-14620.8/JOI/1972Circulation section